জিজ্ঞাসা ও জবাব / (Record no. 11480)
[ view plain ]
| 000 -LEADER | |
|---|---|
| fixed length control field | 00820nam a2200229 a 4500 |
| 001 - CONTROL NUMBER | |
| JCCL Control Number | 11480 |
| 003 - CONTROL NUMBER IDENTIFIER | |
| JCCL marc code | BD-JhCC |
| 005 - DATE AND TIME OF LATEST TRANSACTION | |
| control field | 20230208134023.0 |
| 008 - FIXED-LENGTH DATA ELEMENTS--GENERAL INFORMATION | |
| fixed length control field | 190626b 2018bg |||| ||a| 000 0 ben d |
| 020 ## - INTERNATIONAL STANDARD BOOK NUMBER | |
| International Standard Book Number | 9789849328216 |
| 035 ## - SYSTEM CONTROL NUMBER | |
| system control number | (BD-JhCC)14480 |
| 040 ## - CATALOGING SOURCE | |
| Original cataloging agency | BD-JhCC |
| Modifying agency | BD-JhCC |
| 041 ## - LANGUAGE CODE | |
| Language code of Book | ben |
| 082 ## - DEWEY DECIMAL CLASSIFICATION NUMBER | |
| Classification number | 297 |
| Author mark and Year | JAH 2018 |
| 100 ## - MAIN ENTRY--PERSONAL NAME | |
| Personal name | জাহাঙ্গীর, খোন্দকার আব্দুলাহ |
| 245 ## - TITLE STATEMENT | |
| Title | জিজ্ঞাসা ও জবাব / |
| Statement of responsibility, etc | খোন্দকার আব্দুলাহ জাহাঙ্গীর । |
| 260 ## - PUBLICATION, DISTRIBUTION, ETC. (IMPRINT) | |
| Place of publication, distribution, etc | ঝিনাইদহঃ |
| Name of publisher, distributor, etc | আস-সুন্নাহ পাবলিকেশন্স; |
| Date of publication, distribution, etc | ২০১৬. |
| 300 ## - PHYSICAL DESCRIPTION | |
| Pagination | ১৬০ পৃ. : |
| Dimensions | ২২ সেমি। |
| 650 ## - SUBJECT ADDED ENTRY--TOPICAL TERM | |
| Topical term or geographic name as entry element | Islam |
| 942 ## - ADDED ENTRY ELEMENTS (KOHA) | |
| Source of classification or shelving scheme | Dewey Decimal Classification |
| Koha item type | Books |
| Koha issues (borrowed), all copies | 28 |
| Source of classification or shelving scheme | volume number | Damaged status | Not for loan | Home library | Current library | Shelving location | Date of accession | Cost, normal purchase price | Total Checkouts | Full call number | Barcode | Date last seen | Date checked out | Copy number | Koha item type | Source of acquisition | Checked out |
|---|---|---|---|---|---|---|---|---|---|---|---|---|---|---|---|---|---|
| Dewey Decimal Classification | V-1 | JCC Rouf Library | JCC Rouf Library | General Stacks | 06/26/2019 | 160.00 | 5 | 297 JAH 2018 | 15736 | 10/27/2024 | 08/14/2024 | C-1 | Books | ||||
| Dewey Decimal Classification | V-2 | JCC Rouf Library | JCC Rouf Library | General Stacks | 06/26/2019 | 160.00 | 3 | 297 JAH 2018 | 15738 | 09/30/2023 | 03/25/2021 | C-1 | Books | ||||
| Dewey Decimal Classification | V-3 | JCC Rouf Library | JCC Rouf Library | General Stacks | 06/26/2019 | 160.00 | 3 | 297 JAH 2018 | 15737 | 05/11/2023 | 05/09/2023 | C-1 | Books | ||||
| Dewey Decimal Classification | V-1 | JCC Rouf Library | JCC Rouf Library | General Stacks | 11/08/2020 | 120.00 | 5 | 297 JAH 2018 | 16262 | 01/14/2026 | 11/02/2025 | C-2 | Books | Lt. Gen. Mahfuzur Rahman (10th intake) | |||
| Dewey Decimal Classification | V-2 | JCC Rouf Library | JCC Rouf Library | General Stacks | 11/08/2020 | 188.00 | 6 | 297 JAH 2018 | 16263 | 10/27/2024 | 10/27/2024 | C-2 | Books | Lt. Gen. Mahfuzur Rahman (10th intake) | 12/02/2024 | ||
| Dewey Decimal Classification | V-3 | JCC Rouf Library | JCC Rouf Library | General Stacks | 11/08/2020 | 135.00 | 4 | 297 JAH 2018 | 16264 | 12/14/2023 | 10/26/2023 | C-2 | Books | Lt. Gen. Mahfuzur Rahman (10th intake) | |||
| Dewey Decimal Classification | V-4 | JCC Rouf Library | JCC Rouf Library | General Stacks | 11/08/2020 | 165.00 | 2 | 297 JAH 2018 | 16265 | 07/16/2025 | 04/24/2025 | C-1 | Books | Lt. Gen. Mahfuzur Rahman (10th intake) |